LEADER 00983nam 2200361 450 001 990000744650203316 035 $a0074465 035 $aUSA010074465 035 $a(ALEPH)000074465USA01 035 $a0074465 100 $a20011115d--------km-y0itay0103----ba 101 $aita 102 $aIT 105 $a||||||||001yy 200 1 $aLetteratura italiana$f[direzione: Alberto Asor Rosa] 210 $aTorino$cG. Einaudi 215 $av.$d21 cm 410 $12001 606 $aLetteratura italiana 676 $a850.9 702 1$aASOR ROSA,$bAlberto 801 0$aIT$bsalbc$gISBD 912 $a990000744650203316 951 $a850.9 LET$bLM$c850.9 959 $aBK 969 $aUMA 979 $aPATTY$b90$c20011115$lUSA01$h1130 979 $aPATTY$b90$c20011115$lUSA01$h1154 979 $aPATTY$b90$c20011115$lUSA01$h1155 979 $c20020403$lUSA01$h1722 979 $aPATRY$b90$c20040406$lUSA01$h1651 996 $aLetteratura italiana$973616 997 $aUNISA LEADER 01204nam0 22002651i 450 001 UON00076649 005 20231205102413.524 100 $a20020107d1964 |0itac50 ba 101 $aeng 102 $aUS 105 $a||||a ||||| 200 1 $aAfrica$eStudies in progress$eA list of current social science research by private scholars and academic Centers$fBureau of Intelligence and Research, Department of State, 1964 210 $a33 p.$a27 cm 410 1$1001UON00066305$12001 $aExternal research$fBureau of Intelligence and Research, Department of State$v5.22 606 $aAFRICA$xBibliografia$3UONC018237$2FI 620 $aUS$dWashington$3UONL000087 676 $a016.96$cBIBLIOGRAFIA DELL'AFRICA$v21 712 02$aBUREAU OF INTELLIGENCE AND RESEARCH$cWashington$bDepartment of State$3UONV047140 712 $aDepartment of State, USA$3UONV257142$4650 801 $aIT$bSOL$c20240220$gRICA 899 $aSIBA - SISTEMA BIBLIOTECARIO DI ATENEO$2UONSI 912 $aUON00076649 950 $aSIBA - SISTEMA BIBLIOTECARIO DI ATENEO$dSI AFR ST Bibl 084 $eSI AA 17651 7 084 996 $aAfrica$9156039 997 $aUNIOR